000 00506nam a22001817a 4500
003 KOHA_MİRAKIL
005 20251221134327.0
008 251221b tu ||||| |||| 00| 0 tur d
020 _a9786254336614
040 _aTR-AnABB
_btur
_cTR-AnABB
041 _atur
082 _a304.84
_bEKO 2022
245 1 0 _aGöçlerin geleceği uluslararası sempozyumu /
260 _aAnkara :
_bNobel Bilimsel Eserler,
_c2022
300 _a734 sayfa ;
_c24 cm
650 0 4 _aGöç politikaları
942 _2ddc
_cBK
999 _c9835
_d9835
900 _bGizem YORULMAZ